Länder, die am meisten Luxemburg besuchen - Statistiken

Allgemein
  • Dieses Quiz wurde 299 mal gespielt
  • Das Durchschnittsergebnis liegt bei 8 aus 10
Antwortstatistiken
Besucher Land % Korrekt
151,691 Deutschland
100%
177,981 Niederlande
99%
209,832 Belgien
98%
139,375 Frankreich
98%
19,075 Spanien
90%
28,852 Italien
88%
23,435 Schweiz
88%
69,350 Vereinigtes Königreich
84%
35,697 China
58%
16,237 Türkei
18%
Keine übereinstimmenden Quizze gefunden
Verteilung der Resultate
Anzahl Personen mit jedem Resultat
Perzentil nach korrekt beantworteten Fragen
Ihre Resultats-Entwicklung
Sie haben dieses Quiz noch nicht gespielt